ARRUPE JESUIT UNIVERSITY

CORONAVIRUS -STOP THE SPREAD - CLEAN,DISINFECT,COVER

Hail Mary? : (Record no. 125072)

MARC details
000 -LEADER
fixed length control field 01226cam a2200325 a 4500
001 - CONTROL NUMBER
control field 1142578
003 - CONTROL NUMBER IDENTIFIER
control field ARRUPE
005 - DATE AND TIME OF LATEST TRANSACTION
control field 20160909114657.0
008 - FIXED-LENGTH DATA ELEMENTS--GENERAL INFORMATION
fixed length control field 950307s1995 nyu b 001 0 eng
010 ## - LIBRARY OF CONGRESS CONTROL NUMBER
LC control number 95011985
020 ## - INTERNATIONAL STANDARD BOOK NUMBER
International Standard Book Number 0415913039
020 ## - INTERNATIONAL STANDARD BOOK NUMBER
International Standard Book Number 0415913047 (pbk)
040 ## - CATALOGING SOURCE
Original cataloging agency DLC
Transcribing agency DLC
Modifying agency DLC
050 00 - LIBRARY OF CONGRESS CALL NUMBER
Classification number BT614
Item number .H35 1995
082 00 - DEWEY DECIMAL CLASSIFICATION NUMBER
Classification number 232.91
Edition number 20
300 ## - PHYSICAL DESCRIPTION
Dimensions 24 cm.
100 1# - MAIN ENTRY--PERSONAL NAME
Personal name Hamington, Maurice.
9 (RLIN) 25291
245 10 - TITLE STATEMENT
Title Hail Mary? :
Remainder of title the struggle for ultimate womanhood in Catholicism /
Statement of responsibility, etc Maurice Hamington.
260 ## - PUBLICATION, DISTRIBUTION, ETC. (IMPRINT)
Place of publication, distribution, etc New York :
Name of publisher, distributor, etc Routledge,
Date of publication, distribution, etc 1995.
300 ## - PHYSICAL DESCRIPTION
Extent x, 216 p. ;
504 ## - BIBLIOGRAPHY, ETC. NOTE
Bibliography, etc Includes bibliographical references (p. [181]-209) and index.
600 00 - SUBJECT ADDED ENTRY--PERSONAL NAME
Personal name Mary,
Titles and other words associated with a name Blessed Virgin, Saint
General subdivision Theology.
9 (RLIN) 1116
600 00 - SUBJECT ADDED ENTRY--PERSONAL NAME
Personal name Mary,
Titles and other words associated with a name Blessed Virgin, Saint
General subdivision Devotion to.
9 (RLIN) 25292
610 20 - SUBJECT ADDED ENTRY--CORPORATE NAME
Corporate name or jurisdiction name as entry element Catholic Church
General subdivision Controversial literature.
9 (RLIN) 25293
610 20 - SUBJECT ADDED ENTRY--CORPORATE NAME
Corporate name or jurisdiction name as entry element Catholic Church
General subdivision Doctrines
-- History
Chronological subdivision 20th century.
9 (RLIN) 25294
650 #0 - SUBJECT ADDED ENTRY--TOPICAL TERM
Topical term or geographic name as entry element Feminist theology.
9 (RLIN) 25295
650 #0 - SUBJECT ADDED ENTRY--TOPICAL TERM
Topical term or geographic name as entry element Women in the Catholic Church.
9 (RLIN) 25296
906 ## - LOCAL DATA ELEMENT F, LDF (RLIN)
a 7
b cbc
c orignew
d 1
e ocip
f 19
g y-gencatlg
942 ## - ADDED ENTRY ELEMENTS (KOHA)
Source of classification or shelving scheme Library of Congress Classification
Koha item type Monograph ( Printed materials)
Holdings
Withdrawn status Lost status Source of classification or shelving scheme Damaged status Not for loan Collection code Home library Current library Shelving location Date acquired Total Checkouts Full call number Barcode Date last seen Date checked out Price effective from Koha item type
    Library of Congress Classification     Main Collection ARRUPE LIBRARY ARRUPE LIBRARY Main Collection 23/08/2016 1 BT614 .H35 1995 46500010300 14/05/2018 11/05/2018 23/08/2016 Monograph ( Printed materials)

 

Arrupe Library. PO Box MP320 Mt Pleasant, Harare, Zimbabwe
263 242 745411|librarian@aju.ac.zw